| 000 | 00987nam a22002057a 4500 | ||
|---|---|---|---|
| 999 |
_c63422 _d63422 |
||
| 003 | Ge_BSU | ||
| 005 | 20251007184100.0 | ||
| 008 | 251007s2002 ge ||||| |||| 00| 0 geo d | ||
| 020 | _a9992873027 | ||
| 041 | _ageo | ||
| 080 | _a611(075.8) კ-43 | ||
| 100 |
_aკაციტაძე, ზურაბ _925946 |
||
| 245 |
_aადამიანის ანატომია : _b[სახელმძღვანელო სამედ. უნ-ტის სტუდენტებისათვის]. ნაწ. 2 / _cზურაბ კაციტაძე ; [რედ.: ნინო ჯავახიშვილი]. |
||
| 250 | _aმე-2 გამოცემა. | ||
| 264 |
_aთბილისი : _bმედეა, _c2002. |
||
| 300 |
_a320 გვ.: _bილ.; _c26 სმ. |
||
| 653 | _aადამიანის ანატომია | ||
| 700 |
_aჯავახიშვილი, ნინო _eრედაქტორი _925947 |
||
| 942 |
_2udc _cBK |
||